000 00571nam a2200169Ia 4500
005 20250508160959.0
008 008 250505s9999 xx 000 0 eng d
037 _aTextual
040 _aFEDL
_beng
_cFEDL
041 _aeng
_2eng
084 _a374.954, IND
_qFEDL
245 0 _aAdult education in the seventies: Report of the 24th all India adult education conference Bhubaneswar, October 15-19, 1970
260 _aNew Delhi, India
_bAdult Education Association
_c1970
300 _a86p.
942 _cTEXL
_h374.954, IND
999 _c1367750
_d1367750